000 00577nam a22001697a 4500
008 180813b xxu||||| |||| 00| 0 eng d
020 _a9780205735433
050 _a PE1404
_b.D63 2015
100 _aDobrin, Sidney I.,
245 _aWriting situations /
_cSidney I. Dobrin,
250 _aFirst edition
260 _aBoston :
_bPearson,
_cc2015
300 _axx, 731 p.:
_bcolor illustrations ;
_c24 cm
650 _a English language
_xRhetoric
_xStudy and teaching (Higher)
650 _aEnglish language
_xComposition and exercises
_xStudy and teaching
942 _2lcc
_cBK
999 _c53403
_d53403